Aktuální otázky společenské přestavby a mladé generace /

Salvato in:
Dettagli Bibliografici
Autore principale: Procházka, Jan (Autore)
Natura: Libro
Lingua:ceco
Pubblicazione: Praha : Mladá fronta, 1989
Edizione:1.vyd.
Tags: Aggiungi Tag
Nessun Tag, puoi essere il primo ad aggiungerne!!

MARC

LEADER 00000nam a22000003a 4500
001 stu40975
005 20150617225722.3
008 930609s1989----cs------------------cze-d
040 |a STU  |b slo 
041 0 |a cze 
044 |a cs 
100 1 |a Procházka, Jan  |4 aut 
245 1 |a Aktuální otázky společenské přestavby a mladé generace /  |c [aut.]Jan Procházka 
250 |a 1.vyd. 
260 |a Praha :  |b Mladá fronta,  |c 1989 
300 |a 103 s 
996 |b 284M022636  |c M*6868-1  |l MMKN  |s A  |a 24  |w stu40975_0001